000 00455nam a2200133Ia 4500
008 151001s9999||||xx |||||||||||||| ||und||
100 _aए के मिश्रा
245 _aहिंदी व्याकरण एवं रचना विकार
250 _a1
260 _bइम्प्रेशन्स पब्लिशिंग कंपनी कर्नाटक
260 _c2009
300 _a486
365 _b21
999 _c993814
_d993811